Agricultural trade in Europe recent developments (prepared in 1983) : European trade in fruit and vegetables

Guardado en:
Detalles Bibliográficos
Formato: Libro
Lenguaje:inglés
Publicado: New York United Nations 1984
Etiquetas: Agregar Etiqueta
Sin Etiquetas, Sea el primero en etiquetar este registro!

MARC

LEADER 00000nam a2200000 4500
001 c109056
005 20041019155143.1
041 0 |a eng 
044 |a US 
245 1 0 |a Agricultural trade in Europe  |b recent developments (prepared in 1983) : European trade in fruit and vegetables 
264 1 |a New York  |b United Nations  |c 1984 
300 |a 89 s.